ASOIAF-Game of Thrones: Tous les membres de la dynastie Targaryen - Statistiques

Statistiques générales
  • Ce quiz a été pris 244 fois
    227 depuis la dernière actualisation
  • Le résultat moyen est 81 sur 115
Statistiques - réponses
Hint Réponse Surnoms % Correct
184 - 196 Aegon Feunoyr
100%
120 - 157 Aegon III Targaryen Le JeuneLe Roi sans Couronne Perte des Dragons Le Malchanceux L'Accablé Le Roi Brisé
100%
107 - 131 Aegon II Targaryen L'AinéL'Usurpateur
100%
29 AV. C - 44 Aegon I Targaryen Le Conquérant
100%
135 - 184 Aegon IV Targaryen L'Indigne
100%
Avant la Conquête Aegon Targaryen
100%
26 - 43 Aegon Targaryen Le Sans-Couronne
100%
52 - 52 Aegon Targaryen
100%
84 - 85 Aegon Targaryen
100%
??? - ??? Aegon Targaryen
100%
282 - 283 Aegon Targaryen
100%
200 - 259 Aegon V Targaryen L'OeufL'improblable L'Heureux
100%
276 - 298 Viserys III Targaryen Le Roi Mendiant
99%
122 - 172 Viserys II Targaryen
99%
77 - 129 Viserys I Targaryen Le Jeune Roi
99%
29 - 44 Viserys Targaryen
99%
184 - 196 Aemon Feunoyr
98%
56 - 92 Aemon Targaryen
98%
136 - 178 Aemon Targaryen Le Chevalier-DragonLe Chevalier des Pleurs
98%
198 - 300 Aemon Targaryen
98%
243 - 283 Aerys II Targaryen Le Roi Fou
98%
??? - 221 Aerys I Targaryen
98%
Avant la Conquête Aerys Targaryen
98%
53 - 60 Daenerys Targaryen
98%
172 - ??? Daenerys Targaryen
98%
284 -??? Daenerys Targaryen Du TyphonLa Mère des Dragons L'Imbrulée Mysa Briseuse de Fers
98%
??? - ??? Rhae Targaryen
97%
196 - 233 Aenys Feunoyr
95%
7 - 42 Aenys Targaryen
95%
170 - 196 Daemon Feunoyr Le Dragon Noir
94%
??? - ??? Daemon Feunoyr
94%
189 - 211 à 219 Daemon II Feunoyr Le Jeune
94%
202 à 219 - 236 Daemon III Feunoyr
94%
81 - 130 Daemon Targaryen Lord CupilcerLe Prince de la ville Le Prince vaurien
94%
??? - 217 Aelor Targaryen
93%
144 - 171 Baelor Targaryen Le BienheureuxLe Bien-Aimé
92%
170 - 209 Baelor Targaryen Briselance
92%
172 - 241 Aegor Rivers Aigracier
91%
110 - 130 Aemond Targaryen Un-Oeil
91%
153 - 209 Daeron II Targaryen Le BonFausse-Ligné
91%
143 - 161 Daeron I Targaryen Le Jeune Dragon
91%
114 - 130 Daeron Targaryen Le Hardi
91%
191 - ??? Daeron Targaryen l'Ivrogne
91%
228 - 251 Daeron Targaryen
91%
??? - ??? Daeron Targaryen
91%
25 AV. C - 10 Rhaenys Targaryen
91%
74 - 129 Rhaenys Targaryen La Reine qui ne le Fut Jamais
91%
279 - 283 Rhaenys Targaryen
91%
12 - 48 Maegor Targaryen Le Cruel
89%
232 - ??? Maegor Targaryen
89%
114 - 130 Jacaerys Velaryon JaqueJacaerys Fort
86%
115 - 129 Lucerys Velaryon Luc Lucerys Fort
86%
97 - 131 Rhaenyra Targaryen La Joie du Royaume La Reine d'une Demi-Année
86%
27 AV. C - 37 Visenya Targaryen
86%
??? - 233 Maekar I Targaryen L'Enclume
85%
259 - 283 Rhaegar Targaryen Le Dernier DragonLe Prince Dragon
85%
Avant la Conquête Aerion Targaryen
84%
192 - 232 Aerion Targaryen Le MonstrueuxLe Flamboyant Viveflamme Le Prince qui se prenait pour un Dragon Le Prince Flamboyant
84%
117 - 130 Joffrey Velaryon JoffJoffrey Fort
83%
225 - 252 Jaehaerys II Targaryen
81%
34 - 103 Jaehaerys I Targaryen Le ConciliateurLe Vieux Roi
81%
123 - 129 Jaehaerys Targaryen
81%
??? - ??? Jaehaerys Targaryen
81%
Avant la Conquête Baelon Targaryen
76%
57 - 101 Baelon Targaryen Le Brave
76%
105 - 105 Baelon Targaryen
76%
60 - 84 Alyssa Targaryen
71%
36 - 100 Alysanne Targaryen La Bonne Reine
69%
23 - 73 Rhaena Targaryen La Reine de l'OuestLa Reine de l'Est
68%
116 - ??? Rhaena Targaryen
68%
147 - ??? Rhaena Targaryen
68%
150 - ??? Elaena Targaryen
66%
222 - ??? Vaella Targaryen
66%
116 - ??? Baela Targaryen
63%
??? - 209 Valarr Targaryen Le Jeune Prince
62%
109 - 130 Helaena Targaryen
61%
Avant la Conquête Daenys Targaryen La Réveuse
60%
??? - 259 Duncan Targaryen Le Prince des Libellules
56%
42 - ?? Rhaella Targaryen
52%
??? - ??? Rhaella Targaryen
52%
175 - 252 Brynden Rivers Freuxsanglant
51%
123 - 133 Jaehaera Targaryen
50%
67 - ?? Saera Targaryen
49%
145 - ??? Daena Targaryen La Rebelle
48%
80 - 99 Gael Targaryen L' Enfant de l'Hiver
47%
Avant la Conquête Gaemon Targaryen Le Glorieux
44%
73 - 73 Gaemon Targaryen
44%
??? - 215 Rhaegel Targaryen
43%
Avant la Conquête Aenar Targaryen L' Exilé
42%
64 - 82 Daella Targaryen
42%
199 - ??? Daella Targaryen
42%
127 - 130 Maelor Targaryen
42%
138 - 179 Naerys Targaryen
42%
??? - 209 Matarys Targaryen Le Prince encore plus jeune
41%
63 - ?? Vaegon Targaryen Le Sans-Dragon
41%
71 - 87 Viserra Targaryen
37%
??? - ??? Maelys Feunoyr Le Monstrueux
33%
42 - 56 Aerea Targaryen
30%
62 - 96 Maegelle Targaryen
30%
226 - ??? Shaera Targaryen
28%
??? - ??? Aelora Targaryen
27%
??? - ??? Rhaelle Targaryen
27%
77 - 78 Valerion Targaryen
25%
Avant la Conquête Eleana Targaryen
24%
189 à 196 - 219 Haegon I Feunoyr
24%
Avant la Conquête Maegon Targaryen
24%
39 - 39 Vaella Targaryen
22%
??? - ??? Balerion Otherys
21%
Avant la Conquête Aelyx Targaryen
17%
Avant la Conquête Daemion Targaryen
16%
267-267 Shaena Targaryen
15%
??? - ??? Daenora Targaryen
14%
??? - ??? Narha Otherys
7%
??? - ??? Bellenora Otherys
6%
??? - ??? Calla Feunoyr
6%
Aucun quiz correspondant
Distribution des résultats
% des personnes avec chaque résultat
Percentile par nombre de réponses
Votre historique - résultats
Vous n’avez pas pris ce quiz depuis la dernière actualisation